Cyclisme - Effectif 2026 Soudal Quick-Step - Statistiques

Statistiques générales
  • Ce quiz a été pris 22 fois
  • Le résultat moyen est 12 sur 30
Statistiques - réponses
Nationalité Type de quiz Equipe 2025 Nom % Correct
Belgique Sprinteur Soudal Quick-Step Tim Merlier
95%
France Sprinteur Soudal Quick-Step Paul Magnier
89%
Belgique Classiques Lidl - Trek Jasper Stuyven
84%
Espagne Grimpeur Soudal Quick-Step Mikel Landa
84%
France Grimpeur Soudal Quick-Step Valentin Paret-Peintre
84%
Pays-Bas Classiques Team Visma I Lease A Bike Dylan Van Baarle
68%
Italie Puncheur Team Jayco AlUla Filippo Zana
63%
Belgique Grimpeur Soudal Quick-Step Ilan Van Wilder
53%
Belgique Grimpeur Soudal Quick-Step Junior Lecerf
53%
Belgique Classiques Soudal Quick-Step Yves Lampaert
53%
Italie Sprinteur Tudor Pro Cycling Team Alberto Dainese
47%
Danemark Classiques Soudal Quick-Step Casper Pedersen
42%
Belgique Classiques Intermarché - Wanty Laurenz Rex
42%
Belgique Puncheur Soudal Quick-Step Mauri Vansevenant
42%
Belgique Classiques Soudal Quick-Step Dries Van Gestel
32%
Italie Puncheur Soudal Quick-Step Gianmarco Garofoli
32%
Belgique Rouleur Soudal Quick-Step Ayco Bastiaens
26%
Belgique Sprinteur Soudal Quick-Step Bert Van Lerberghe
26%
Allemagne Puncheur Soudal Quick-Step Maximilian Schachmann
26%
Pays-Bas Puncheur Soudal Quick-Step Pascal Eenkhoorn
26%
Belgique Grimpeur Soudal Quick-Step Steff Cras
26%
Royaume-Uni Rouleur Soudal Quick-Step Ethan Hayter
21%
Slovaquie Baroudeur Soudal Quick-Step Martin Svrcek
21%
Belgique Sprinteur Soudal Quick-Step Warre Vangheluwe
21%
Belgique Puncheur Soudal Quick-Step Gil Gelders
16%
Belgique Rouleur Soudal Quick-Step Devo Team Jonathan Vervenne
16%
Italie Sprinteur Soudal Quick-Step Andrea Raccagni Noviero
11%
Belgique Classiques Alpecin - Deceuninck Fabio Van Den Bossche
11%
Belgique Grimpeur Soudal Quick-Step Louis Vervaeke
11%
Pays-Bas Baroudeur Soudal Quick-Step Pepijn Reinderink
11%
Aucun quiz correspondant
Distribution des résultats
% des personnes avec chaque résultat
Percentile par nombre de réponses
Votre historique - résultats
Vous n’avez pas pris ce quiz